Webová aplikácia pre meranie pracovnej výkonnosti

Gespeichert in:
Bibliographische Detailangaben
1. Verfasser: Špindor, Juraj (Verfasst von)
Weitere Verfasser: Bisták, Pavol (Betreuung Doktorarbeit)
Format: Manuskript Buch
Sprache:Slowakisch
Veröffentlicht: 2019
Schlagworte:
Online-Zugang:http://is.stuba.sk/zp/portal_zp.pl?podrobnosti=116146
Tags: Tag hinzufügen
Keine Tags, Fügen Sie das erste Tag hinzu!

MARC

LEADER 00000ntm a22000003a 4500
001 stuzp72132
003 SK-STU
005 20190903142812.7
007 ta
008 150427s2015----xo-----f-mn---000-0-slo-d
040 |a STU  |b slo 
041 0 |a slo 
044 |a xo 
100 1 |a Špindor, Juraj  |u 035000  |4 aut  |U FEI Fakulta elektrotechniky a informatiky  |T FEI Ústav informatiky a matematiky  |X 53116  |U E050  |Y 816  |7 53116 
242 0 1 |a Web application for measuring work performance  |y eng 
245 1 0 |a Webová aplikácia pre meranie pracovnej výkonnosti 
260 |c 2019 
300 |a 58 s. 
650 4 |a webová aplikácia  |2 slo 
650 4 |a meranie pracovnej výkonnosti  |2 slo 
650 4 |a webové technológie  |2 slo 
650 4 |a PHP  |2 slo 
650 4 |a web application  |2 eng 
650 4 |a performance measurement of employees  |2 eng 
650 4 |a web technology  |2 eng 
650 4 |a PHP  |2 eng 
700 1 |a Bisták, Pavol  |u 030400  |k Z1  |4 ths  |U FEI Fakulta elektrotechniky a informatiky  |T FEI Ústav automobilovej mechatroniky  |X 3708  |U E400  |Y 642  |7 A000003708 
856 4 |u http://is.stuba.sk/zp/portal_zp.pl?podrobnosti=116146 
996 |b 284ER03053  |c E*Bc- 3053  |l EE35  |s P  |a 0  |w stuzp72132_0001